Mesa revuelta
Kaydedildi:
| Yazar: | |
|---|---|
| Materyal Türü: | Kitap |
| Dil: | İspanyolca |
| Baskı/Yayın Bilgisi: |
Madrid
Taurus
1957
|
| Seri Bilgileri: | Colección Persiles
|
| Konular: | |
| Etiketler: |
Etiketle
Etiket eklenmemiş, İlk siz ekleyin!
|
MARC
| LEADER | 00000nam a2200000 a 4500 | ||
|---|---|---|---|
| 001 | UCT6749 | ||
| 003 | CL-VaPUC | ||
| 008 | 970113e19570000SP |||||||||||||||||spa|d | ||
| 082 | 0 | 4 | |a 864 |b CEL |2 21 |
| 100 | 0 | |a Cela, Camilo José |e author |9 320105 | |
| 245 | 1 | 0 | |a Mesa revuelta |
| 300 | |a 321 p | ||
| 942 | |c BK | ||
| 945 | |d 19970113 00:00:00 |a nastorga | ||
| 260 | |a Madrid |b Taurus |c 1957 | ||
| 650 | 0 | |a Ensayos españoles |9 313128 | |
| 583 | |a last modification |c 19970113 00:00:00 |k Rodrigo Vera | ||
| 490 | 0 | |a Colección Persiles | |
| 999 | |c 255425 |d 255423 | ||
| 952 | |0 0 |1 0 |4 0 |6 864_000000000000000_CEL_1957 |7 0 |8 A |9 277655 |a BIBEDU |b BIBEDU |d 2019-11-19 |i 3273822 |o 864 CEL 1957 |p 3273822 |r 2019-11-19 |w 2019-11-19 |y BK |k LIT | ||
| 952 | |0 0 |1 0 |4 0 |6 864_000000000000000_CEL_1957 |7 0 |8 A |9 277656 |a BIBEDU |b BIBEDU |d 2019-11-19 |i 1338021 |o 864 CEL 1957 |p 1338021 |r 2019-11-19 |w 2019-11-19 |y BK |k LIT | ||